| 000 | 01512nam a22003137a 4500 | ||
|---|---|---|---|
| 001 | 9731 | ||
| 003 | FISKH | ||
| 005 | 20260130142137.0 | ||
| 008 | 260130b cb ||||| |||| 00| 0 eng d | ||
| 020 | _a1567845142 | ||
| 040 |
_aFISKH _beng _cFISKH _dFISKH |
||
| 050 | _aLB1182 .R36 | ||
| 100 | _aRangel-Ribeiro , Lea | ||
| 245 |
_aWonderful world / _cWritten by Lea and Victor Rangel-Ribeiro : Text illustrated by David Gantz |
||
| 260 |
_aNew York : _bNewbridge Communications , Inc , _c1984 . |
||
| 300 |
_a66 unnumbered pages : _bcolor illustrations ; _c21 X 28 cm . |
||
| 490 | _aEarly Skills Library | ||
| 505 | _aK | ||
| 520 | _aWonderful World introduces young children to the world around them. The book helps early readers learn about nature, places, and everyday things in their environment through simple text and engaging illustrations. It encourages children to observe, identify, and understand the beauty and diversity of the world while building early reading and thinking skills. The book is designed to support vocabulary development, basic concepts, and curiosity about the environment. | ||
| 521 | 8 |
_a510
_bLexile estimate |
|
| 521 | 8 |
_aK
_bRaz-Plus |
|
| 650 |
_aAround the world _vJuvenile Literature |
||
| 650 |
_aMulticultural _vJuvenile Literature |
||
| 700 |
_aGantz , David _eText Illustrator |
||
| 700 |
_aLaPenta , Marilyn _eEducational Consultant |
||
| 700 |
_aGirouard , Patrick _eCover Illustrator |
||
| 942 |
_2ddc _cBK _n0 |
||
| 999 |
_c9731 _d9731 |
||